000 01206nam a2200265Ia 4500
999 _c40655
_d40655
001 7283
003 GE_BSU
005 20231114121535.0
008 181216s2012||||ge |||||||||||||| ||geo||
020 _a9789941926013
040 _cGE_BSU
041 _ageo
080 _a168.35 შ-94
100 _aშულცი, ქეთრინ
_92384
245 _aროცა ცდები = BEING WRONG :
_bთავგადასავალი შეცდომის ზღვარზე /
_cქეთრინ შულცი ; თარგმნ. ხათუნა ახობაძე ; რედ. ცირა ბარქაია.
264 _aთბილისი :
_bსაუნჯე,
_c2012.
300 _a460 გვ. ;
_c20 სმ.
500 _a შენიშვნები გვ. : 396-458
541 _h2 ლ.
546 _aთავფურცელი ქართულ და ინგლისურ ენებზე
653 _aროცა ცდები
700 _a ახობაძე, ხათუნა
_eმთარგმნელი
_920369
700 _aბარქაია, ცირა
_eრედაქტორი
_92386
942 _cBK
_2udc